000 01207nam a22002537a 4500
008 111221s2011 xxu|||||r|||| 001 0deng d
020 _a032306860X
020 _a9780323068604
082 _222
_a613.2
_bSCH
100 _928214
_aSchlenker, Eleanor, D.
245 _aWilliams' Essentials of Nutrition and Diet Therapy /
_cEleanor D. Schlenker and Sara Long Roth
246 _aEssentials of Nutrition and Diet Therapy
250 _a10th ed.
260 _aSt. Louis, Missouri :
_bELSEVIER,
_c2011
300 _axx, 634 p. :
_bCol. ill. ;
_c22 cm.
504 _aIncludes bibliographical references and index
650 _920992
_aDiet therapy.
653 _bNUR
_cDecember2011
700 _928213
_aRoth, Sara Long
856 _3Student Resources
_uhttp://evolve.elsevier.com/williams/essentials/
942 _2ddc
_cNRB
999 _c16339
_d16339